000 00976nam a2200217 u 4500
001 000641769
003 AM-YeHGA
005 20250617140834.0
008 090313s1987 ||| r 000 0 rus d
040 _aAM-YeHGA
041 1 _arus
_hukr
100 1 _aХарчук, Борис Никитович
245 1 0 _aКровные узы :
_bРоман /
_cБорис Харчук; Пер. с укр. В. Россельса.
260 _aМосква :
_bСов. писатель,
_c1987.
300 _a493 с.
653 0 _aКрестьянство в Западной Украине (х. л.)
653 0 _aЗападная Украина - Воссоединение с Украинской ССР 1939-1940 гг. (х. л.)
653 0 _aНемецко-фашистская оккупация в период Великой Отечественной войны 1941-1945 гг. - УССР (х. л.)
700 1 _aРоссельс, В.
_eпер.
_4trl
090 _c229176
999 _c227633
_d227633